Pays par exportation principale - Statistiques

Statistiques générales
  • Ce quiz a été pris 93 fois
  • Le résultat moyen est 6 sur 15
Statistiques - réponses
Hint Réponse % Correct
Arabie saoudite Pétrole
97%
Canada pétrole
97%
Afrique du Sud Or
68%
Vietnam Riz
59%
Brésil Café
53%
Éthiopie Café
53%
Côte d’Ivoire Cacao
46%
Chili Cuivre
41%
Australie Fer
32%
Kazakhstan uranium
30%
Indonésie Huile de palme
16%
Norvège Gaz naturel
14%
Russie gaz naturel
14%
Thaïlande électronique
7%
Nouvelle-Zélande Produits laitiers
4%
Aucun quiz correspondant
Distribution des résultats
% des personnes avec chaque résultat
Percentile par nombre de réponses
Votre historique - résultats
Vous n’avez pas pris ce quiz